| 000 -LEADER |
| fixed length control field |
00759cam a2200253 4500 |
| 001 - CONTROL NUMBER |
| control field |
350178 |
| 003 - CONTROL NUMBER IDENTIFIER |
| control field |
OSt |
| 005 - DATE AND TIME OF LATEST TRANSACTION |
| control field |
20250904134519.0 |
| 008 - FIXED-LENGTH DATA ELEMENTS--GENERAL INFORMATION |
| fixed length control field |
221003r20181991enka j 000 1 eng |
| 020 ## - INTERNATIONAL STANDARD BOOK NUMBER |
| International Standard Book Number |
9780241377284 |
| 040 ## - CATALOGING SOURCE |
| Original cataloging agency |
KLCC |
| Transcribing agency |
KH8 |
| 082 ## - DEWEY DECIMAL CLASSIFICATION NUMBER |
| Classification number |
FIC DAH |
| 100 1# - MAIN ENTRY--PERSONAL NAME |
| Personal name |
Dahl, Roald, |
| Relator term |
aut. |
| 245 10 - TITLE STATEMENT |
| Title |
Billy and the Minpins / |
| Statement of responsibility, etc. |
Roald Dahl ; illustrated by Quentin Blake. |
| 260 ## - PUBLICATION, DISTRIBUTION, ETC. |
| Place of publication, distribution, etc. |
[London] : |
| Name of publisher, distributor, etc. |
Puffin Books, |
| Date of publication, distribution, etc. |
2018, c1991. |
| 300 ## - PHYSICAL DESCRIPTION |
| Extent |
93, [9] p. : |
| Other physical details |
ill. ; |
| Dimensions |
20 cm. |
| 650 #0 - SUBJECT ADDED ENTRY--TOPICAL TERM |
| Topical term or geographic name entry element |
Boys |
| Form subdivision |
Juvenile fiction. |
| 650 #0 - SUBJECT ADDED ENTRY--TOPICAL TERM |
| Topical term or geographic name entry element |
Imaginary societies |
| Form subdivision |
Juvenile fiction. |
| 650 #0 - SUBJECT ADDED ENTRY--TOPICAL TERM |
| Topical term or geographic name entry element |
Imagination |
| Form subdivision |
Juvenile fiction. |
| 650 #0 - SUBJECT ADDED ENTRY--TOPICAL TERM |
| Topical term or geographic name entry element |
Magic |
| Form subdivision |
Juvenile fiction. |
| 650 #0 - SUBJECT ADDED ENTRY--TOPICAL TERM |
| Topical term or geographic name entry element |
Monsters |
| Form subdivision |
Juvenile fiction. |
| 700 1# - ADDED ENTRY--PERSONAL NAME |
| Personal name |
Blake, Quentin, |
| Relator term |
ill. |
| 942 ## - ADDED ENTRY ELEMENTS (KOHA) |
| Source of classification or shelving scheme |
|
| Koha item type |
Easy Reading |